000 00401cam a22001337a 4500
008 180718b2010 xxu||||| |||| 00| 0 eng d
020 _a0198068662
082 _aK12x54 D26b
100 _aDas, S. K.
245 _aBuilding a world-class civil service: for twenty-first century India
_cby S. K. Das
260 _aNew Delhi
_bOxford Univ. Press
_c2010
300 _a269p.
650 _aCivil service -India
999 _c441092
_d441092